Loading...
| History - European | 0 | 3 | 0 | 0 | 30 | 46 | 78.00 | 0 | 0 | 8.45 | 7.78 |
| Science - Physics | 0 | 3 | 0 | 0 | 30 | 44 | 60.00 | 1 | 1 | 13.49 | 20.00 |
| History - American | 0 | 2 | 0 | 0 | 20 | 59 | 68.50 | 0 | 2 | 8.19 | 11.11 |
| History - Other | 0 | 2 | 0 | 1 | 20 | 92 | 98.00 | 0 | 0 | 2.59 | 4.44 |
| Social Science | 0 | 2 | 0 | 0 | 20 | 37 | 54.50 | 1 | 2 | 13.39 | 22.22 |
| Literature - World | 0 | 1 | 0 | 0 | 10 | 109 | 109.00 | 0 | 0 | 0.18 | 3.33 |
| Philosophy | 0 | 1 | 0 | 1 | 10 | 105 | 105.00 | 0 | 1 | 0.12 | 5.56 |
| Religion | 0 | 1 | 0 | 1 | 10 | 114 | 114.00 | 0 | 0 | 0.00 | 1.11 |
| Science - Biology | 0 | 1 | 0 | 1 | 10 | 104 | 104.00 | 0 | 0 | 0.00 | 3.33 |
| Literature - British | 0 | 1 | 0 | 0 | 10 | 63 | 63.00 | 0 | 1 | 4.79 | 7.78 |
| Fine Arts - Other | 0 | 1 | 0 | 0 | 10 | 76 | 76.00 | 0 | 0 | 3.33 | 1.11 |
| Geography | 0 | 1 | 0 | 1 | 10 | 101 | 101.00 | 0 | 0 | 0.00 | 4.44 |
| History - World | 0 | 1 | 0 | 1 | 10 | 105 | 105.00 | 0 | 0 | 0.09 | 3.33 |
| Fine Arts - Classical Music | 0 | 1 | 0 | 1 | 10 | 106 | 106.00 | 0 | 0 | 0.54 | 2.22 |
| Science - Other | 0 | 0 | 1 | 0 | -5 | 0.00 | 0 | 0 | 0.00 | 0.00 |